| 000 | 00439nam a2200169Ia 4500 | ||
|---|---|---|---|
| 008 | 230917s9999||||xx |||||||||||||| ||und|| | ||
| 020 | _cRS300 | ||
| 040 |
_e241118 _aMAIN |
||
| 041 | _aEnglish | ||
| 082 | _a338.4791 S38N | ||
| 100 | _aShrivastava, Atul | ||
| 245 | 0 | _aNature tourism | |
| 260 |
_aNew Delhi _bCentrum Press _c2010 |
||
| 300 | _aviii, 328 p. | ||
| 500 | _a2775 13/07/2017 RBP17/67194 18/09/2017 IHTM (SFS) | ||
| 942 | _cBK | ||
| 999 |
_c23181 _d23181 |
||